000 01069nam a2200325 i 4500
001 bg
245 0 0 _aZarys prawa /
_cStefan Korycki [et al.] ; pod red. Stefana Koryckiego i Jerzego Kucińskiego.
250 _aWyd. 7.
260 _aWarszawa :
_bWydawnictwo Prawnicze LexisNexis,
_c2008.
300 _a503 s. ;
_c21 cm.
500 _aNa okł. i grzbiecie : podstawy prawa.
504 _aBibliogr. przy częściach.
650 9 _aHarmonizacja prawa
_zPolska
650 9 _aPrawo
_zPolska
_ystan na 2008 r.
650 9 _aPrawo
_xteoria
650 9 _aPrawo wspólnotowe europejskie
_ystan na 2008 r.
655 _aPodręczniki akademickie
700 1 _aKorycki, Stefan.
700 1 _aKuciński, Jerzy.
_eRed.
015 _aPB 22776/2007
020 _a9788373349483
040 _cBPK
041 _apol
044 _aPOL
080 _a340.1:34(438):341.12(4-67)](075.8)
920 _a978-83-7334-948-3
942 _cKS
008 071017s2007 pl l |000 0 pol
999 _c55836
_d55836
856 _uhttp://koha.tu.koszalin.pl/cgi-bin/koha/opac-detail.pl?biblionumber=55836
_yKatalog online BPK